| 000 | 00612nam a2200193 a 4500 | ||
|---|---|---|---|
| 005 | 20140412111229.0 | ||
| 008 | 020415s19uu xx 00 eng d | ||
| 020 | _a0-06-096300-X | ||
| 050 |
_aTR(GS 371.3 _bC167 1987 |
||
| 100 | _aCanter, Lee | ||
| 245 |
_aHomework without tears / _cLee Canter and Lee Hausner, Ph. D. |
||
| 260 |
_aCambridge : _bPerenial Library, _c1987. |
||
| 300 | _a157 p. | ||
| 520 | _aA parent's guide for motivating children to do homework and to succeed in school. | ||
| 650 |
_aAssignments _xJuvenile literature |
||
| 650 | _aStudy Aids | ||
| 650 | _aEducation | ||
| 999 |
_c102130 _d102130 |
||